World Countries Anagrams #1 - Statistics

General Stats
  • This quiz has been taken 532 times
  • The average score is 8 of 16
Answer Stats
Anagram Country % Correct
Dark men Denmark
91%
Any row Norway
75%
Aw darn Rwanda
73%
Big mule Belgium
70%
Hair ban Bahrain
68%
Igloo man Mongolia
66%
Air taco Croatia
63%
Icy attic van Vatican City
57%
As a ritual Australia
44%
Fan gains hat Afghanistan
43%
I hate poi Ethiopia
36%
Aircraft planner cubicle Central African Republic
22%
Errant hook North Korea
22%
Eerier salon Sierra Leone
22%
Android goat bandit Trinidad and Tobago
21%
Inebriated amateurs United Arab Emirates
20%
No matching quizzes found
Score Distribution
Percent of People with Each Score
Percentile by Number Answered
Your Score History
You have not taken this quiz